[Event "83. Hastings International Congress"]
[Site "Hastings ENG"]
[Date "2008.01.06"]
[Round "10.29"]
[White "Fryer, David"]
[Black "Jackson, Oliver"]
[Result "0-1"]
[WhiteElo "2065"]
[BlackElo "2219"]
[PlyCount "92"]
[EventDate "2007.12.28"]
[EventType "swiss"]
[EventRounds "10"]
[EventCountry "ENG"]
[Source "lmi"]
[SourceDate "2007.12.28"]

1. e4 c5 2. Nc3 e6 3. g3 Nc6 4. Bg2 g6 5. d3 Bg7 6. Be3 d6 7. Qd2 Rb8 8. Nge2
b5 9. O-O b4 10. Nd1 a5 11. f4 Nge7 12. g4 f5 13. gxf5 exf5 14. Ng3 Qc7 15. a3
O-O 16. e5 dxe5 17. Bxc5 Nd4 18. axb4 axb4 19. Bxb4 exf4 20. Bxe7 f3 21. Bxf8
fxg2 22. Bxg7 gxf1=Q+ 23. Kxf1 Qxg7 24. Qf4 Rb6 25. Ra8 Rc6 26. c3 Ne6 27. Qa4
Qd7 28. d4 Nf8 29. Qa2+ Kg7 30. Ra7 Bb7 31. d5 Rc7 32. c4 f4 33. Ne4 Qh3+ 34.
Kg1 Qg4+ 35. Kf2 Qxd1 36. Nd6 Qd4+ 37. Kf1 Qd3+ 38. Kf2 Qe3+ 39. Kf1 Qh3+ 40.
Kg1 Qd7 41. c5 Qg4+ 42. Kf2 Qh4+ 43. Kf1 Qh3+ 44. Kg1 Qe3+ 45. Kf1 Qf3+ 46. Kg1
Bxd5 0-1

[Event "83. Hastings International Congress"]
[Site "Hastings ENG"]
[Date "2008.01.06"]
[Round "10.30"]
[White "Afek, Yochanan"]
[Black "Foord, Dominic"]
[Result "1-0"]
[WhiteElo "2349"]
[BlackElo "2004"]
[PlyCount "73"]
[EventDate "2007.12.28"]
[EventType "swiss"]
[EventRounds "10"]
[EventCountry "ENG"]
[Source "lmi"]
[SourceDate "2007.12.28"]

1. e4 e5 2. Nf3 Nc6 3. Nc3 Nf6 4. d4 Bb4 5. Nxe5 Qe7 6. Qd3 Nxd4 7. Qxd4 Bc5 8.
Qd3 Qxe5 9. f4 Qd4 10. Qxd4 Bxd4 11. e5 Ng4 12. Be2 Nh6 13. Nd5 Kd8 14. c3 Bc5
15. Be3 Bxe3 16. Nxe3 Re8 17. Kf2 b6 18. Bf3 Rb8 19. Rad1 Ng8 20. Bd5 Ke7 21.
Rd4 Kf8 22. Rhd1 Ne7 23. Be4 Nc6 24. Rc4 Ba6 25. Bxc6 Bxc4 26. Bxd7 Re7 27.
Nxc4 b5 28. Na5 Rd8 29. Bg4 Rxd1 30. Bxd1 Rd7 31. Ke2 c5 32. Nb3 c4 33. Nd4 b4
34. Ba4 Rb7 35. Kd2 Rb6 36. Bb5 b3 37. a3 1-0

[Event "83. Hastings International Congress"]
[Site "Hastings ENG"]
[Date "2008.01.06"]
[Round "10.31"]
[White "Lyell, Mark"]
[Black "Ringor, Rodrigo"]
[Result "1-0"]
[WhiteElo "2197"]
[BlackElo "1848"]
[PlyCount "96"]
[EventDate "2007.12.28"]
[EventType "swiss"]
[EventRounds "10"]
[EventCountry "ENG"]
[Source "lmi"]
[SourceDate "2007.12.28"]

1. e4 c5 2. c3 Nf6 3. e5 Nd5 4. Nf3 Nc6 5. d4 d6 6. Bb5 a6 7. Bxc6+ bxc6 8.
dxc5 dxc5 9. O-O Qc7 10. c4 Nb6 11. Nbd2 Bf5 12. Re1 Rd8 13. b3 e6 14. Nh4 Bd3
15. Qg4 g6 16. Ne4 Bxe4 17. Rxe4 Bg7 18. Bg5 Rd4 19. Bf6 Bxf6 20. exf6 Qe5 21.
Rxe5 Rxg4 22. Rxc5 Nd7 23. Rxc6 O-O 24. Nf3 Nxf6 25. Rxa6 Rd8 26. Kf1 Ne4 27.
Rc1 Nd2+ 28. Nxd2 Rxd2 29. c5 Re4 30. Re1 Red4 31. f3 Rc2 32. Rd6 Rxd6 33. cxd6
Rxa2 34. Rd1 Ra8 35. d7 Rd8 36. Ke2 Kf8 37. g4 Ke7 38. Ke3 Rxd7 39. Rxd7+ Kxd7
40. g5 Ke7 41. Kd4 Kd6 42. f4 Kc6 43. Ke5 Kb5 44. Kf6 Kb4 45. Kxf7 Kxb3 46.
Kxe6 Kc4 47. Kf6 Kd4 48. Kg7 Ke4 1-0

[Event "83. Hastings International Congress"]
[Site "Hastings ENG"]
[Date "2008.01.06"]
[Round "10.32"]
[White "Canonne, Antoine"]
[Black "Mansson, James"]
[Result "0-1"]
[WhiteElo "2059"]
[BlackElo "2161"]
[PlyCount "126"]
[EventDate "2007.12.28"]
[EventType "swiss"]
[EventRounds "10"]
[EventCountry "ENG"]
[Source "lmi"]
[SourceDate "2007.12.28"]

1. e4 c5 2. Nc3 a6 3. a4 Nc6 4. f4 g6 5. Nf3 Bg7 6. d3 d6 7. Be2 e6 8. O-O Nge7
9. Bd2 O-O 10. Qe1 Nd4 11. Bd1 Nxf3+ 12. Bxf3 Nc6 13. Qc1 Nd4 14. Ne2 Nxf3+ 15.
Rxf3 d5 16. Bc3 d4 17. Bd2 f5 18. e5 b6 19. Qe1 Bb7 20. Rg3 b5 21. Kh1 Qd5 22.
Ng1 c4 23. Nf3 Bc6 24. a5 Rfd8 25. Rh3 h6 26. Qg3 Be8 27. Ne1 Rac8 28. Qf3 Qxf3
29. Rxf3 Bc6 30. Rh3 Bf8 31. Kg1 Bd5 32. Kf2 Kg7 33. Rc1 c3 34. bxc3 dxc3 35.
Be3 Ba3 36. Rd1 Bb2 37. Bb6 Rd7 38. Re3 b4 39. Re2 g5 40. fxg5 hxg5 41. h3 Kg6
42. Nf3 Bxf3 43. Kxf3 b3 44. Ke3 Ba3 45. d4 b2 46. Ree1 Rd5 47. Rf1 Bb4 48. g4
f4+ 49. Ke4 Bxa5 50. Bc5 Rh8 51. Rf3 Rb8 52. Rb1 Rh8 53. Rh1 Rh7 54. Rff1 Bc7
55. Bb4 Ba5 56. Bc5 Rb7 57. Rb1 Bb4 58. Bd6 Bxd6 59. exd6 Rxd6 60. h4 Rb4 61.
hxg5 Rdxd4+ 62. Ke5 Re4+ 63. Kd6 Kxg5 0-1

[Event "83. Hastings International Congress"]
[Site "Hastings ENG"]
[Date "2008.01.06"]
[Round "10.34"]
[White "Andersen, Daniel"]
[Black "Pickersgill, Adrian"]
[Result "1-0"]
[WhiteElo "2013"]
[BlackElo "2088"]
[PlyCount "31"]
[EventDate "2007.12.28"]
[EventType "swiss"]
[EventRounds "10"]
[EventCountry "ENG"]
[Source "lmi"]
[SourceDate "2007.12.28"]

1. c4 e5 2. Nc3 Bb4 3. g3 Ne7 4. Bg2 Bxc3 5. dxc3 d6 6. Nf3 O-O 7. O-O Nd7 8.
e4 f5 9. exf5 Nxf5 10. Ng5 Nf6 11. Bd5+ Nxd5 12. Qxd5+ Kh8 13. Nf7+ Rxf7 14.
Qxf7 g6 15. Bg5 Be6 16. Bf6+ 1-0

[Event "83. Hastings International Congress"]
[Site "Hastings ENG"]
[Date "2008.01.06"]
[Round "10.35"]
[White "Norinkeviciute, Rasa"]
[Black "O'Toole, George E"]
[Result "0-1"]
[WhiteElo "2064"]
[BlackElo "1987"]
[PlyCount "70"]
[EventDate "2007.12.28"]
[EventType "swiss"]
[EventRounds "10"]
[EventCountry "ENG"]
[Source "lmi"]
[SourceDate "2007.12.28"]

1. c4 e5 2. g3 Nc6 3. Bg2 g6 4. Nc3 Bg7 5. e4 d6 6. d3 h5 7. h4 Nh6 8. Nh3 Nd4
9. b4 a6 10. Rb1 Bd7 11. f3 O-O 12. O-O Qc8 13. Nd5 Kh8 14. Kh2 Qd8 15. Be3 c6
16. Nc3 f6 17. Qd2 Kh7 18. Ne2 Nxe2 19. Qxe2 Be6 20. d4 exd4 21. Bxd4 b5 22.
Rfc1 Bxc4 23. Rxc4 bxc4 24. Qxc4 d5 25. Qc3 dxe4 26. Ng5+ fxg5 27. Bxg7 gxh4
28. Bxf8 hxg3+ 29. Kg1 Qxf8 30. Qxc6 exf3 31. Bxf3 Re8 32. Rf1 Qe7 33. Bd5 Qh4
34. Qc7+ Re7 35. Qc2 Qd4+ 0-1

[Event "83. Hastings International Congress"]
[Site "Hastings ENG"]
[Date "2008.01.06"]
[Round "10.36"]
[White "Coates, David H"]
[Black "Garnett, John S"]
[Result "1/2-1/2"]
[WhiteElo "2029"]
[BlackElo "2032"]
[PlyCount "36"]
[EventDate "2007.12.28"]
[EventType "swiss"]
[EventRounds "10"]
[EventCountry "ENG"]
[Source "lmi"]
[SourceDate "2007.12.28"]

1. e4 c5 2. Nf3 Nc6 3. d4 cxd4 4. Nxd4 g6 5. c4 Nf6 6. Nc3 d6 7. Be2 Nxd4 8.
Qxd4 Bg7 9. Be3 O-O 10. Qd2 Be6 11. f3 Qa5 12. Rc1 Rfc8 13. b3 a6 14. O-O b5
15. Nd5 Qxd2 16. Bxd2 Nxd5 17. cxd5 Bd4+ 18. Kh1 Bd7 1/2-1/2

[Event "83. Hastings International Congress"]
[Site "Hastings ENG"]
[Date "2008.01.06"]
[Round "10.38"]
[White "Cohen, Ronnie"]
[Black "Adair, James"]
[Result "1/2-1/2"]
[WhiteElo "1973"]
[BlackElo "2044"]
[PlyCount "63"]
[EventDate "2007.12.28"]
[EventType "swiss"]
[EventRounds "10"]
[EventCountry "ENG"]
[Source "lmi"]
[SourceDate "2007.12.28"]

1. e4 c5 2. Nc3 Nc6 3. g3 g6 4. Bg2 Bg7 5. d3 d6 6. Nge2 Rb8 7. O-O b5 8. h3 b4
9. Nd5 e6 10. Ne3 Nge7 11. f4 Nd4 12. g4 f5 13. Ng3 fxe4 14. dxe4 O-O 15. a4
Qc7 16. Rf2 Bd7 17. Bf1 Nc8 18. Kg2 a5 19. Bd3 Nb6 20. c3 Nc6 21. Bd2 Ne7 22.
f5 c4 23. Be2 b3 24. Qf1 exf5 25. exf5 Bc6+ 26. Kg1 Be5 27. Nh1 d5 28. f6 Nec8
29. g5 Nd7 30. Ng4 Bd6 31. Bf4 Bxf4 32. Rxf4 1/2-1/2

[Event "83. Hastings International Congress"]
[Site "Hastings ENG"]
[Date "2008.01.06"]
[Round "10.39"]
[White "Spanton, Timothy"]
[Black "Quinn, Joseph"]
[Result "1-0"]
[WhiteElo "1985"]
[BlackElo "1758"]
[PlyCount "111"]
[EventDate "2007.12.28"]
[EventType "swiss"]
[EventRounds "10"]
[EventCountry "ENG"]
[Source "lmi"]
[SourceDate "2007.12.28"]

1. e4 e5 2. Nf3 Nc6 3. Bb5 a6 4. Ba4 Nf6 5. Qe2 b5 6. Bb3 Be7 7. O-O O-O 8. c3
d6 9. Rd1 Bg4 10. h3 Bh5 11. d3 Na5 12. Bc2 c5 13. Nbd2 Nc6 14. Nf1 Qd7 15. Ng3
Bg6 16. Nf5 Bxf5 17. exf5 Qxf5 18. d4 Qh5 19. Bg5 Rfe8 20. dxc5 dxc5 21. Bxf6
Bxf6 22. Be4 Rac8 23. a4 c4 24. Rd6 Re6 25. Rxe6 fxe6 26. axb5 axb5 27. Bxc6
Rxc6 28. Ra8+ Kf7 29. Ra7+ Kg8 30. Qe4 Rc8 31. Qb7 Qe8 32. g4 Rb8 33. Qe4 Qg6
34. Qxg6 hxg6 35. g5 Bd8 36. h4 e4 37. Nd4 Bb6 38. Rd7 Bxd4 39. Rxd4 Kf7 40.
Rxe4 Rb7 41. Re5 Ke7 42. f4 Kd6 43. Kf2 b4 44. Ke3 bxc3 45. bxc3 Rc7 46. Kd4
Rf7 47. Ke4 Rc7 48. Ra5 Rb7 49. Ra6+ Ke7 50. Rc6 Rb1 51. Rxc4 Rh1 52. Rc7+ Kf8
53. Ke5 Re1+ 54. Kd6 Re4 55. h5 gxh5 56. g6 1-0

[Event "83. Hastings International Congress"]
[Site "Hastings ENG"]
[Date "2008.01.06"]
[Round "10.41"]
[White "Conde, Manuel"]
[Black "Milnes, Anthony CP"]
[Result "0-1"]
[WhiteElo "1791"]
[BlackElo "2126"]
[PlyCount "107"]
[EventDate "2007.12.28"]
[EventType "swiss"]
[EventRounds "10"]
[EventCountry "ENG"]
[Source "lmi"]
[SourceDate "2007.12.28"]

1. f4 d5 2. e3 Nf6 3. Nf3 Bg4 4. Be2 Nbd7 5. b3 Bxf3 6. Bxf3 e5 7. fxe5 Nxe5 8.
O-O Bd6 9. d4 Nxf3+ 10. Qxf3 O-O 11. c4 c6 12. Ba3 Ne4 13. Bxd6 Qxd6 14. c5 Qe6
15. Qe2 Rae8 16. Rf3 Re7 17. Nd2 Rfe8 18. Re1 Qg4 19. Nf1 h6 20. Qc2 Qg6 21.
Qc1 Ng5 22. Rg3 Qf5 23. Qb1 Qxb1 24. Rxb1 g6 25. a3 Ne6 26. Rf3 Ng7 27. g4 Re4
28. h3 f5 29. gxf5 Nxf5 30. Kf2 Nh4 31. Rg3 Rf8+ 32. Ke2 g5 33. Nd2 Re6 34. Rf1
Nf5 35. Rxf5 Rxf5 36. h4 Kh7 37. hxg5 Rxg5 38. Rh3 Rg2+ 39. Kd3 Reg6 40. Nf1
Rf2 41. Nd2 Rgg2 42. Nf3 Ra2 43. a4 Rab2 44. Kc3 Rgc2+ 45. Kb4 a5+ 46. Kxa5
Rxb3 47. Ng5+ Kg6 48. Ne6 Ra2 49. Nc7 Kg5 50. Rf3 h5 51. Ne6+ Kg4 52. Rf4+ Kg3
53. Nc7 h4 54. Rf7 0-1

[Event "83. Hastings International Congress"]
[Site "Hastings ENG"]
[Date "2008.01.06"]
[Round "10.42"]
[White "Salimbeni, George"]
[Black "Uche, Enyi"]
[Result "1-0"]
[WhiteElo "2058"]
[BlackElo "1000"]
[PlyCount "73"]
[EventDate "2007.12.28"]
[EventType "swiss"]
[EventRounds "10"]
[EventCountry "ENG"]
[Source "lmi"]
[SourceDate "2007.12.28"]

1. e4 e5 2. Nf3 Nc6 3. Bb5 a6 4. Ba4 Nf6 5. Qe2 b5 6. Bb3 Bc5 7. d3 d6 8. c3
Be6 9. O-O h6 10. Be3 Bb6 11. Nbd2 O-O 12. Bxb6 cxb6 13. Rfe1 Kh8 14. d4 Bxb3
15. Nxb3 Qc7 16. Rac1 Rfe8 17. Qd3 d5 18. Nfd2 Qd7 19. Rcd1 Rad8 20. dxe5 Nxe5
21. Qc2 Qc7 22. Nd4 dxe4 23. Nxe4 Neg4 24. g3 Qe5 25. f3 Nh5 26. fxg4 Nf6 27.
Nxf6 Qxf6 28. Qf2 Qd6 29. Qf4 Qd7 30. Rxe8+ Rxe8 31. Rf1 f6 32. Rf2 Qb7 33. Qf3
Qe7 34. Qc6 Qe1+ 35. Kg2 h5 36. gxh5 Re5 37. h6 1-0

[Event "83. Hastings International Congress"]
[Site "Hastings ENG"]
[Date "2008.01.06"]
[Round "10.43"]
[White "Raddatz, Michael"]
[Black "Young, Mel"]
[Result "0-1"]
[WhiteElo "2037"]
[BlackElo "1954"]
[PlyCount "104"]
[EventDate "2007.12.28"]
[EventType "swiss"]
[EventRounds "10"]
[EventCountry "ENG"]
[Source "lmi"]
[SourceDate "2007.12.28"]

1. e4 c5 2. Nf3 d6 3. d4 cxd4 4. Nxd4 Nf6 5. Nc3 a6 6. Bg5 Nc6 7. Bc4 Qa5 8.
Bxf6 gxf6 9. Bb3 e6 10. Nf3 Bd7 11. Qe2 Rg8 12. O-O-O Rc8 13. Kb1 Ne5 14. Nh4
b5 15. f4 Nc4 16. Bxc4 Rxc4 17. Rd3 b4 18. Rg3 Rxg3 19. Qxc4 Rg4 20. Nd5 exd5
21. exd5 Rxh4 22. g3 Rh6 23. b3 Kd8 24. h4 Qb5 25. Qd4 Qc5 26. Qd3 Rh5 27. Rd1
Bf5 28. Qe2 Qxc2+ 29. Qxc2 Bxc2+ 30. Kxc2 f5 31. Rd4 a5 32. Rd3 Rh6 33. Re3 Rg6
34. Kd3 Rg8 35. Kc4 Bg7 36. Re2 Kd7 37. Kb5 Bc3 38. Rg2 Be1 39. Rg1 Bc3 40. Rg2
Ra8 41. Re2 Re8 42. Rg2 h5 43. Kxa5 Re1 44. Kb5 Rd1 45. g4 fxg4 46. Ka4 Rxd5
47. Rc2 Rd2 48. Rc1 Rxa2+ 49. Kb5 g3 50. Kc4 Rf2 51. Rg1 Rxf4+ 52. Kd5 Rd4# 0-1

[Event "83. Hastings International Congress"]
[Site "Hastings ENG"]
[Date "2008.01.06"]
[Round "10.44"]
[White "Lee, Jia Shen"]
[Black "Henrichsen, Jens"]
[Result "1-0"]
[WhiteElo "1920"]
[BlackElo "1982"]
[PlyCount "73"]
[EventDate "2007.12.28"]
[EventType "swiss"]
[EventRounds "10"]
[EventCountry "ENG"]
[Source "lmi"]
[SourceDate "2007.12.28"]

1. d4 Nf6 2. c4 e6 3. Nf3 b6 4. e3 Bb7 5. Bd3 c5 6. O-O Be7 7. Nc3 O-O 8. d5
exd5 9. cxd5 d6 10. h3 Ba6 11. Bxa6 Nxa6 12. Qe2 Nc7 13. e4 Re8 14. Bf4 Bf8 15.
Qd3 b5 16. Nd2 c4 17. Qf3 g6 18. Rfe1 Bg7 19. a4 a6 20. axb5 axb5 21. Rxa8 Qxa8
22. Kf1 Qa6 23. Ne2 b4 24. Kg1 Nh5 25. Rc1 Nxf4 26. Nxf4 c3 27. bxc3 bxc3 28.
Nb1 Nb5 29. Ne2 Rc8 30. Qd3 Qa5 31. Kh2 Qb4 32. Nd2 Rc5 33. Rb1 Qa5 34. Nb3
Be5+ 35. g3 Qc7 36. Nxc5 dxc5 37. Rxb5 1-0

[Event "83. Hastings International Congress"]
[Site "Hastings ENG"]
[Date "2008.01.06"]
[Round "10.47"]
[White "Auckland, Elliott"]
[Black "Guo, Xi-Yang"]
[Result "1/2-1/2"]
[WhiteElo "1910"]
[BlackElo "1853"]
[PlyCount "60"]
[EventDate "2007.12.28"]
[EventType "swiss"]
[EventRounds "10"]
[EventCountry "ENG"]
[Source "lmi"]
[SourceDate "2007.12.28"]

1. d4 d6 2. c4 g6 3. Nc3 Bg7 4. e4 Nf6 5. f3 O-O 6. Bg5 c5 7. d5 e6 8. Qd2 exd5
9. cxd5 h6 10. Be3 h5 11. Bc4 a6 12. a4 Nbd7 13. Nge2 Ne5 14. b3 Nh7 15. O-O f5
16. Bh6 Qf6 17. Bxg7 Kxg7 18. exf5 gxf5 19. Nf4 Qh6 20. Rad1 Rf6 21. Nce2 h4
22. Nh3 Bd7 23. a5 Re8 24. Qxh6+ Kxh6 25. Nef4 Nf8 26. Kf2 Nfg6 27. Rfe1 Rf7
28. Nxg6 Kxg6 29. Nf4+ Kf6 30. Nd3 Nxd3+ 1/2-1/2

[Event "83. Hastings International Congress"]
[Site "Hastings ENG"]
[Date "2008.01.06"]
[Round "10.48"]
[White "O'Neill, Tom"]
[Black "Kakkanas, Evangelos"]
[Result "0-1"]
[WhiteElo "1551"]
[BlackElo "2064"]
[PlyCount "46"]
[EventDate "2007.12.28"]
[EventType "swiss"]
[EventRounds "10"]
[EventCountry "ENG"]
[Source "lmi"]
[SourceDate "2007.12.28"]

1. e4 c5 2. Nf3 Nc6 3. d4 cxd4 4. Nxd4 Qc7 5. Nb5 Qb8 6. c4 a6 7. N5c3 e6 8. f4
Qc7 9. Be3 b6 10. f5 Nf6 11. Be2 Bc5 12. Bxc5 bxc5 13. O-O O-O 14. Na3 Rb8 15.
g4 Qe5 16. g5 Nxe4 17. Nxe4 Qxe4 18. Bd3 Qd4+ 19. Kh1 Ne5 20. g6 Bb7+ 21. Qf3
Bxf3+ 22. Rxf3 Nxf3 23. gxh7+ Kh8 0-1